Crowd-Sourced General Knowledge #23 - Statistics

General Stats
  • This quiz has been taken 26,882 times
  • The average score is 14 of 20
Answer Stats
Question Answer % Correct
Which two countries share the longest international border? United States
96%
Which two countries share the longest international border? Canada
95%
Who goes first in chess? White
92%
What comic book company owns the rights to Superman and Batman? DC Comics
85%
In what ocean trench would you find Challenger Deep, the deepest part of the ocean? {Mariana} Trench
84%
What globally well-known company has a clown as its mascot? McDonald's
82%
What component of the atom has no electric charge? Neutron
82%
In biology, what is known as "the powerhouse of the cell"? Mitochondria
80%
Which country has the most islands (12) with a population of a least one million? Indonesia
76%
What item of furniture can go after foot, toad, and bar? Stool
73%
Who said, in a 1991 song, "it doesn't matter if you're black or white"? Michael Jackson
71%
What grocery chain was founded by German brothers Karl and Theo Albrecht in 1946? Aldi
65%
What Eminem song about a obsessive fan is now a verb which means "to be an obsessive fan"? Stan
63%
What comes next after "Keep Calm" in the famous 1939 British war poster? and Carry On
59%
Which Stephen King novel takes place mostly in the fictional Overlook Hotel? The Shining
58%
What TV show hired 200-kilo Iceland strongman Hafþór Björnsson to portray a character known as "The Mountain"? Game of Thrones
57%
What "unsportsmanlike" shot was banned in NCAA college basketball games between 1967–1976? Slam dunk
50%
What website was launched from a 1996 research project with the unfortunate nickname "BackRub"? Google
46%
In which sport do players use either the "shakehand" or "penhold" grip? Table tennis
38%
The hallux is quite a bit larger, but not always longer, than its four neighbors. You probably have two of them. What is a hallux? Big toe
33%
No matching quizzes found
Score Distribution
Percent of People with Each Score
Percentile by Number Answered
Your Score History
You have not taken this quiz